| 000 | 00801nam a22001937a 4500 | ||
|---|---|---|---|
| 999 |
_c2366 _d2366 |
||
| 003 | AR-CdUCM | ||
| 008 | 190304b ||||| |||| 00| 0 spa d | ||
| 040 |
_aMUNICIPALIDAD PROVINCIAL DEL CUSCO _cBIBLIOTECA MUNICIPAL DEL CUSCO |
||
| 082 |
_a519.5 / _bG48 |
||
| 100 |
_aGullon, A _98509 |
||
| 245 | _aIntroducción a la estadística aplicada / | ||
| 260 |
_aMadrid : _bEdit.Alhambra, _c1971. |
||
| 300 |
_a219 paginas ; _c24 cm. |
||
| 505 | _aContenido: Primera parte :Estadística descriptiva --Segunda parte :Distribuciones y poblaciones aleatorias --Tercera parte :Estadística inferencial inductiva --Cuarta parte :Estadística inferencial hipotético -deductiva / | ||
| 650 |
_aEstadística matemática _98337 |
||
| 650 |
_aMétodos estadísticos _98510 |
||
| 942 |
_2ddc _cLIBROS |
||
| 945 | _arjall | ||